| 000 | 02275cam a22003375a 4500 | ||
|---|---|---|---|
| 001 | 15139658 | ||
| 005 | 20110929121159.0 | ||
| 008 | 080111s2011 xx ab 000 0 und | ||
| 010 | _a 2008001567 | ||
| 020 | _z9780415665728 | ||
| 040 |
_aDLC _cDLC |
||
| 042 | _apcc | ||
| 082 |
_222 _a306.760956 _bEVO |
||
| 245 | 0 | 4 |
_aThe Evolving Arab City : _bTradition, Modernity and Urban Development / _cedited by Yasser Elsheshtawy. |
| 250 | _aPaperback ed. | ||
| 260 |
_aLondon [u.a.] : _bRoutledge, _c2011. |
||
| 300 |
_aXIV, 314 S. : _bzahlr. Ill., Kt. |
||
| 490 | 0 |
_aPlanning, history and the environment series _929278 |
|
| 500 | _aLiteraturangaben. | ||
| 520 | 1 | _a"This collection written by Arab architects/urbanists is a sequel to Planning Middle Eastern Cities. Studies of Arab/Islamic cities used to be the province of 'outsiders' who not only prematurely generalized to a genre, but to one encapsulated in timelessness. In contrast, the case studies included in the earlier volume (Dubai, Sana'a, Baghdad, Algiers, Tunis, and Cairo), now supplemented in this volume by studies on three older cities (Amman, Beirut, and Rabat) and five newer oil cities (Riyadh, Kuwait City, Manama, Doha and Abu-Dhabi), focus, often critically, on the cities' rapid transformations." "Each case study traces the city's colonial and post-colonial history, the evolution of its distinctive social and physical structures, and its intersection with the region and the world."--BOOK JACKET. | |
| 650 | 0 | 0 |
_aCities and towns / Middle East. _929279 |
| 650 | 0 | 0 |
_aCity planning / Middle East. _929280 |
| 653 |
_bEco _cMarch2012 |
||
| 700 | 1 |
_aElsheshtawy, Yasser. _929281 |
|
| 942 |
_2ddc _cBB |
||
| 999 |
_c16559 _d16559 |
||